| 000 | 00596nam a2200217Ia 4500 | ||
|---|---|---|---|
| 008 | 160803s9999 xx 000 0 und d | ||
| 020 | _a0 590444557 | ||
| 100 | _aClements, Andrew | ||
| 245 | _aBig Al / | ||
| 245 | _cAndrew Clements ; [illustrated by] Yoshi. | ||
| 260 | _aNew York : | ||
| 260 | _bScholastic Inc. | ||
| 260 | _c1988 | ||
| 300 | _a24 pages : | ||
| 300 | _bcolor illustrations ; | ||
| 300 | _c22 x 27 cm | ||
| 500 | _aOriginally published : Saxonville, Massachusetts : Picture Book Studio, c1988. | ||
| 650 | _aFishes -- | ||
| 650 | _xFiction. | ||
| 700 | _a880 | ||
| 999 |
_c299146 _d299146 |
||